000
00351nam a2200157Ia 4500
100
_a
Mohanty/R.P/ Deshmukh/S.G
942
_c
BK
366
_f
15
654
_a
supply chain management
245
_a
Essentials of Supply chain Management
260
_b
Jaico Pub
_c
2004
082
_a
658.7
_b
MOH
300
_a
375
546
_a
ENGLISH
999
_c
22483
_d
22483